000 00983cam a2200301 a 4500
001 3405933
003 ARRUPE
005 20161017112154.0
008 890712s1986 enka b 000 0beng
010 _a 89161196
020 _a1869886011
040 _aDLC
_cDLC
_dDLC
043 _af-ke---
050 0 0 _aDT433.576K56
082 0 0 _a967.62
_220
100 1 _aDurrani, Shiraz.
_926773
245 1 0 _aKĩmaathi, Mau Mau's first prime minister of Kenya /
_cShiraz Durrani.
260 _aMiddlesex,
_bVita Books ;
_c1986.
300 _a52 p.;
_bill. ;
_c21 cm.
504 _aIncludes bibliographical references.
600 1 0 _aKimathi, Dedan,
_926774
610 2 0 _aMau Mau
_95399
650 0 _aRevolutionaries
_zKenya
_xBiography.
_926775
651 0 _aKenya
_xHistory
_yMau Mau Emergency, 1952-1960.
_91542
906 _a7
_bcbc
_corignew
_d3
_encip
_f19
_gy-gencatlg
942 _2lcc
_cMONOGRAPH
999 _c125521
_d125521